[Event "89th ch-FRA 2014"]
[Site "Nimes FRA"]
[Date "2014.08.17"]
[Round "1"]
[White "Chabanon,JL"]
[Black "Sokolov,And1"]
[Result "1/2-1/2"]
[WhiteElo "2485"]
[BlackElo "2556"]
[EventDate "2014.08.17"]

1. d4 Nf6 2. c4 e6 3. Nc3 Bb4 4. f3 c5 5. d5 O-O 6. e4 d6 7. Nge2 exd5 8.
cxd5 Nbd7 9. g4 Nxe4 10. fxe4 Qh4+ 11. Ng3 Nf6 12. Bg2 Nxg4 13. Bf4 Nf2 14.
Kxf2 Qxf4+ 15. Bf3 Bh3 16. Qc1 Qh4 17. Nce2 c4 18. Qf4 Bc5+ 19. Ke1 Qd8 20.
Kd2 Qa5+ 21. Nc3 Qb6 22. Kc2 Bd4 23. Nge2 Be5 24. Qh4 Bd7 25. Bg4 Bb5 26.
Raf1 Rae8 27. Rf3 Qc5 28. Rhf1 Ba6 29. Rxf7 Rxf7 30. Be6 Bf6 31. Bxf7+ Kxf7
32. Rxf6+ gxf6 33. Qxh7+ Kf8 34. Nf4 Qf2+ 35. Nce2 Re5 36. Ng6+ Ke8 37.
Qg8+ Kd7 38. Nxe5+ fxe5 39. Qe6+ Kc7 40. Qe7+ Kc8 41. Qe8+ Kc7 42. Qe7+ Kc8
43. Qe8+ 1/2-1/2

[Event "89th ch-FRA 2014"]
[Site "Nimes FRA"]
[Date "2014.08.18"]
[Round "2"]
[White "Gharamian,T"]
[Black "Cornette,M"]
[Result "1/2-1/2"]
[WhiteElo "2657"]
[BlackElo "2533"]
[EventDate "2014.08.17"]

1. d4 d5 2. c4 dxc4 3. e4 b5 4. a4 c6 5. axb5 cxb5 6. Nc3 a6 7. Nxb5 axb5
8. Rxa8 Bb7 9. Ra1 e6 10. f3 f5 11. exf5 Ne7 12. Ra7 Qb6 13. Rxb7 Qxb7 14.
fxe6 Nf5 15. g4 Bb4+ 16. Kf2 Ne7 17. b3 Qd5 18. bxc4 bxc4 19. Be3 Qxe6 20.
Nh3 Nd5 21. Qc1 c3 22. Bc4 Qc6 23. Bb3 Nd7 24. Re1 O-O 25. Qc2 N7f6 26. Kg1
Kh8 27. Bf2 Bd6 28. g5 Nb4 29. Qf5 c2 30. Rc1 Ne8 31. Qe4 Qxe4 32. fxe4 Rf3
33. Be6 Rxh3 34. Bxh3 Bf4 35. Ra1 Bxg5 36. Bd7 Nf6 37. e5 Ng8 38. Kg2 c1=Q
39. Rxc1 Bxc1 40. Kf3 Ne7 41. Ke4 g5 1/2-1/2